| Поле | Инд. | ПП | Название | Значение |
|---|---|---|---|---|
| Тип записи | a | |||
| Библиографический уровень | b | |||
| 001 | Контрольный номер | b163f5f059474e9f993905282acf66ac | ||
| 005 | Дата корректировки | 20210828074242.0 | ||
| 024 | 80 | a | Стандартный номер | DOI: 10.19110/2221-1381-2016-3-18-25 |
| 040 | a | Служба первич. каталог. | РИНЦ | |
| 041 | 0_ | a | Код языка текста | rus |
| 084 | a | Индекс другой классификации/Индекс ББК | 26.301 | |
| 097 | a | Чагина С.Г. | ||
| 097 | a | Костикова Н.В. | ||
| 100 | 1_ | a | Автор | Лихникевич Е. Г. |
| 100 | 1_ | a | Автор | Левченко Е. Н. |
| 100 | 1_ | a | Автор | Якушина О. А. |
| g | Прочие сведения | SPIN-код: 1806-2277 | ||
| q | Полное имя | Якушина Ольга Александровна | ||
| c | Титул (звания) | доктор технических наук | ||
| i | 000091213 | |||
| k | Кафедра общей и прикладной геофизики; Факультет естественных и инженерных наук | |||
| u | Дополнение | Якушина О. А. | ||
| 100 | 1_ | a | Автор | Фатов А. С. |
| 245 | 10 | a | Заглавие | Принципиальная термохимическая технология переработки циркон-бадделеитовых концентратов |
| 650 | 04 | a | Основная рубрика | науки о Земле; геофизика; геология; геохимия |
| 773 | 18 | t | Название источника | Вестник института геологии Коми научного центра Уральского отделения РАН |
| b | Сведения об издании | Федеральное государственное бюджетное учреждение науки Институт геологии Коми научного центра Уральского отделения Российской академии наук | ||
| c | Сыктывкар | |||
| d | Место и дата издания | 2016 | ||
| n | Примечание | https://elibrary.ru/title_about.asp?id=9763 | ||
| p | Вестник Института геологии Коми НЦ УрО РАН | |||
| x | ISSN | 2221-1381 | ||
| g | Прочая информация | № 3 (255). - С. 18 - 25 | ||
| m | Специф. данные | журнал из перечня ВАК; ненулевой импакт-фактор; | ||
| w | Контрольный № источника | 0 | ||
| 856 | 40 | u | URL | http://elibrary.ru/item.asp?id=25895379 |
| 901 | t | Тип документа | b | |
| 952 | c | Вид литературы | статья в журнале |